Un peligro en las redes / (Registro nro. 14525)

Detalles MARC
000 -LIDER
fixed length control field 01600nam a22003017a 4500
003 - IDENTIFICACDOR DE NÚMERO DE CONTROL
control field DO-SdBNP
005 - DATE AND TIME OF LATEST TRANSACTION
control field 20240115114118.0
008 - ELEMENTOS DE LONGITUD FIJA
fixed length control field 210426b2018 dr 00| 0 spa d
020 ## - ISBN
International Standard Book Number 9789945176131
040 ## - FUENTE DE CATALOGACIÓN
Agencia que crea de manera original el registro BPMSU
Idioma de catalogación spa
Agencia que realiza la transcripción BPMSU
082 #4 - NÚMERO DE CLASIFICACIÓN DECIMAL DE DEWEY
Classification number RD863.5
Item number S236u 2018
Edition number 22
092 ## - LOCALLY ASSIGNED DEWEY DECIMAL CALL NUMBER
Número de clasificación
100 1# - ASIENTO PRINCIPAL -- NOMBRE PERSONAL
Nombre personal Santis, Geraldine de
Fechas asociadas con el nombre
245 10 - MENCIÓN DE TITULO
Título Un peligro en las redes /
Mención de responsabilidad Geraldine de Santis ; ilustración: Wi-Hen Fung ; investigación: Laura V. Sánchez-Vincitore ; coordinación pedagógica: Cledenin Veras
260 ## - PUBLICACIÓN, DISTRIBUCIÓN, ETC. (PIE DE IMPRENTA)
Lugar de publicación, distribución, etc Santo Domingo:
Nombre del editor, distribuidor, etc. Agencia de los Estados Unidos para el Desarrollo Internacional (USAID) ;
-- Universidad Iberoamericana (UNIBE),
Fecha de publicación, distribución, etc 2018
300 ## - DESCRIPCIÓN FÍSICA
Extensión 39 p. :
Otros detalles físicos ils. ;
Dimensiones 21 cm.
490 0# - MENCIÓN DE SERIES
Mención de serie La liga de la esperanza,
Volume/sequential designation 9
500 ## - NOTA GENERAL
Nota general Tipologías textuales: Narraciones literaria ; conversaciones de Messenger
Materiales especificados
520 ## - RESUMEN, ETC.
Nota de resumen, etc. Un virus llega a Villa Esperanza. Varias personas se enferman, entre ellas doña Yoli, abuela de la profesora Cándida y antigua directora de la Escuela Mamá Tingó. Algunos habitantes son indiferentes a la situación y otros se asustan. Los miembros de la Liga de la Esperanza junto con otros vecinos presentan una obra de teatro para educar sobre el virus, sus síntomas y la manera de combatirlo.
590 ## - NOTA LOCAL
Texto de la nota local Inventariado, 2024/VM
650 #4 - ENCABEZAMIENTO DE MATERIA--TEMÁTICO
Término temático o nombre geográfico como elemento de entrada Cuentos juveniles dominicanos
650 #4 - ENCABEZAMIENTO DE MATERIA--TEMÁTICO
Término temático o nombre geográfico como elemento de entrada Redes sociales
Subdivisión de forma Cuentos
650 #4 - ENCABEZAMIENTO DE MATERIA--TEMÁTICO
Término temático o nombre geográfico como elemento de entrada Literatura juvenil dominicana
700 1# - ASIENTO SECUNDARIO -- NOMBRE PERSONAL
Materiales especificados Sánchez-Vincitore, Laura V.
Mención de responsabilidad investigadora
700 1# - ASIENTO SECUNDARIO -- NOMBRE PERSONAL
Materiales especificados Veras, Cledenin
Mención de responsabilidad investigador pedagógico
910 ## - VALIDACIÓN
Validación VMateo V. Control de calidad. BPMSU
942 ## - ADDED ENTRY ELEMENTS (KOHA)
Source of classification or shelving scheme Dewey Decimal Classification
Koha item type Libros
Existencias
Withdrawn status Lost status Source of classification or shelving scheme Damaged status Not for loan Collection code Home library Current library Date acquired Total Checkouts Full call number Barcode Date last seen Price effective from Koha item type Copy number
    Dewey Decimal Classification     Colección Juvenil Dominicana Biblioteca Pública Metropolitana Salomé Ureña Biblioteca Pública Metropolitana Salomé Ureña 01/15/2024   BPMSU DJD RD863.5 S236u 2018 BPMSU24010010 01/15/2024 01/15/2024 Libros  
    Dewey Decimal Classification     Colección Juvenil Dominicana Biblioteca Pública Metropolitana Salomé Ureña Biblioteca Pública Metropolitana Salomé Ureña 01/15/2024   BPMSU DJD RD863.5 S236u 2018 BPMSU24010011 01/15/2024 01/15/2024 Libros e.2
    Dewey Decimal Classification     Colección Juvenil Dominicana Biblioteca Pública Metropolitana Salomé Ureña Biblioteca Pública Metropolitana Salomé Ureña 01/15/2024   BPMSU DJD RD863.5 S236u 2018 BPMSU24010012 01/15/2024 01/15/2024 Libros e.3